The Modern Researcher (Record no. 344785)

000 -LEADER
fixed length control field 00469 a2200181 4500
003 - CONTROL NUMBER IDENTIFIER
control field OSt
005 - DATE AND TIME OF LATEST TRANSACTION
control field 20180116182724.0
008 - FIXED-LENGTH DATA ELEMENTS--GENERAL INFORMATION
fixed length control field 160518b xxu||||| |||| 00| 0 eng d
020 ## - INTERNATIONAL STANDARD BOOK NUMBER
International Standard Book Number 0
040 ## - CATALOGING SOURCE
Transcribing agency 0
082 ## - DEWEY DECIMAL CLASSIFICATION NUMBER
Classification number 001.432 GRA 2008
100 ## - MAIN ENTRY--PERSONAL NAME
Personal name Jacques Barzun
245 ## - TITLE STATEMENT
Title The Modern Researcher
Statement of responsibility, etc. Jacques Barzun
250 ## - EDITION STATEMENT
Edition statement 6th Ed
260 ## - PUBLICATION, DISTRIBUTION, ETC.
Place of publication, distribution, etc. Islamabad
Name of publisher, distributor, etc. National Book Foundation Islamabad
Date of publication, distribution, etc. 2008
300 ## - PHYSICAL DESCRIPTION
Extent 387 p.
Other physical details HB
942 ## - ADDED ENTRY ELEMENTS (KOHA)
Institution code [OBSOLETE] NBS
Koha item type Book
Call number prefix 001.432 GRA
Source of classification or shelving scheme
Holdings
Withdrawn status Lost status Source of classification or shelving scheme Damaged status Not for loan Collection code Permanent Location Current Location Shelving location Date acquired Full call number Barcode Date last seen Price effective from Koha item type
          Computer Science Central Library (CL) Central Library (CL) First Floor - Computer Science 08/28/2013 001.432 BAR NBSD-1229 05/18/2016 08/28/2013 Book
          Computer Science Central Library (CL) Central Library (CL) First Floor - Computer Science 08/28/2013 001.432 BAR NBSD-1230 02/19/2022 08/28/2013 Book
© 2023 Central Library, National University of Sciences and Technology. All Rights Reserved.